000 00214nam a2200097Ia 4500
008 190216s9999||||xx |||||||||||||| ||und||
100 _aPadmanabhan Nair
245 0 _aAmbiliyudetheedi
260 _bNull
942 _cBK
999 _c23648
_d23648